Minecraft Or Real Life? - Statistics

General Stats
  • This quiz has been taken 468 times
  • The average score is 17 of 30
Answer Stats
Hint Answer % Correct
Command Block

Minecraft ⛏

75%
Gold

Both ♊

74%
Stairs

Both ♊

74%
Mooshroom Island

Minecraft ⛏

74%
Netherite

Minecraft ⛏

72%
Sculk Vein

Minecraft ⛏

70%
Wikipedia

Real Life 🌎

68%
Ocelot

Both ♊

67%
Glowstone

Minecraft ⛏

67%
Chorus Fruit

Minecraft ⛏

66%
Giraffe

Real Life 🌎

64%
Socks

Real Life 🌎

64%
Sea Pickle

Both ♊

63%
Glow Berries

Minecraft ⛏

62%
Suspicious Stew

Minecraft ⛏

61%
Lapis Lazuli

Both ♊

59%
Ice Spikes (biome)

Minecraft ⛏

57%
Ruby

Real Life 🌎

53%
Papyrus

Real Life 🌎

53%
Silverfish

Both ♊

52%
Tuff

Both ♊

51%
Cherry Log

Both ♊

50%
Podzol

Both ♊

45%
Bedrock

Both ♊

45%
Lilly of the Valley

Both ♊

44%
Graphite

Real Life 🌎

44%
Dripstone Cave

Minecraft ⛏

37%
Pine Tree

Real Life 🌎

37%
You
(hopefully)

Real Life 🌎

35%
Dog

Real Life 🌎

14%
No matching quizzes found
Score Distribution
Percent of People with Each Score
Percentile by Number Answered
Your Score History
You have not taken this quiz